000 00517nam a22001817a 4500
005 20251108165346.0
008 250721s2002 xx 000 0 ara d
082 1 4 _a371.201/سعو
100 1 _aالسعود، راتب
245 1 0 _aالإشراف التربوي :
_bإتجاهات حديثة /
264 1 _aعمان :
_bالمؤلف،
_c2002.
300 _a333ص
650 1 7 _aالإدارة التربوية
650 1 7 _aالتخطيط
650 1 7 _aالمدرسون
942 _2ddc
_cBK
999 _c25993
_d25993